000 00764nam a22002415a 4500
008 150818r200 2004ii a frb 001 0 eng d
020 _a9788188458400
020 _a8188458406
040 _aEG-ScBUE
_beng
_cEG-ScBUE
082 0 4 _a621.56
_bRAJ
_222
100 1 _aRajput, R. K.
245 1 0 _aRefrigeration and air conditionning /
_cR. K. Rajput.
260 _aNew Delhi :
_bS.K. Kataria& Sons,
_c2006.
300 _a876p.:
_bill. ;
_c24 cm.
500 _aIndex : p. 874-876.
504 _aInclude bibliographical references.
590 _aMenna Elemam
650 _aAir conditioning
_2BUEsh
650 _aRefrigeration and refrigerating machinery
_2BUEsh
651 _2BUEsh
653 _bENGMEC
_cAugust2015
942 _cBB
_k621.65 RAJ
_2ddc
999 _c20633
_d20605